00287nam a2200109Ia 4500008004100000041000800041082001400049100001800063245005000081260002700131300001900158241015s9999 xx 000 0 und d aeng a158.1 WIE aWiest Brianna a101 Essays That Will Change The Way You Think bAmaryllisaNoidac2023 a450;. P. 22 Cm